000 00546nam a22001817a 4500
003 BUBTL
008 210223b xxu||||| |||| 00| 0 eng d
082 _a341.6'7/MAC
100 _aMaybee, Larry
_93965
245 _aCustom as a Source of International Humanitarian Law
_bLarry Maybee, Benarji Chakka
260 _aNew Delhi
_bICRC
_cc2005
300 _a[xvi] , 301p . :
_b22 cm.
650 _aLaw
_93966
700 _aLarry Maybee, Benarji Chakka
_93967
856 _k0
_l0
_yDownload
942 _2ddc
_cBK
999 _c6463
_d6463